00629nam a2200193Ia 4500008004100000020000700041082001400048100002000062245004500082250000700127260004000134300002300174500001900197600002100216650005000237942000700287952012600294999001500420240925s9999 xx 000 0 und d aNA a004.6 BAR aNot - Available 0aData Communications Networks and Systems aNA aNew Delhi:bBPB Publicationc,1995. a359p.bNAfPirated aIncludes Index aComputer Science aComputer science, information & general works cBK 011440708CSaUITUbUITUd1997-01-18ePrince Book Depog75.00l0o004.6 BARpQ0888r2024-09-25 07:12:14w2024-09-25yBK c3387d3387